UM Logo

Symposium on Overcriminalization/ (Record no. 14835)

MARC details
000 -LEADER
fixed length control field 00465nam a22001577a 4500
003 - CONTROL NUMBER IDENTIFIER
control field OSt
005 - DATE AND TIME OF LATEST TRANSACTION
control field 20200110145154.0
008 - FIXED-LENGTH DATA ELEMENTS--GENERAL INFORMATION
fixed length control field 200110b ||||| |||| 00| 0 eng d
040 ## - CATALOGING SOURCE
Transcribing agency 2
082 ## - DEWEY DECIMAL CLASSIFICATION NUMBER
Classification number DPer 364.05 J82 2012 v. 102, n. 3
100 ## - MAIN ENTRY--PERSONAL NAME
9 (RLIN) 41190
Personal name Dillon, Zach.
245 ## - TITLE STATEMENT
Title Symposium on Overcriminalization/
Statement of responsibility, etc. Zach Dillon.
260 ## - PUBLICATION, DISTRIBUTION, ETC. (IMPRINT)
Place of publication, distribution, etc. Evanston:
Name of publisher, distributor, etc. Northwestern University Press,
Date of publication, distribution, etc. ©2012.
300 ## - PHYSICAL DESCRIPTION
Extent v102 n3, pages 525-528;
Dimensions 25 cm.
942 ## - ADDED ENTRY ELEMENTS (KOHA)
Source of classification or shelving scheme Dewey Decimal Classification
Koha item type Periodicals
Holdings
Withdrawn status Lost status Source of classification or shelving scheme Damaged status Not for loan Collection code Home library Current library Date acquired Total Checkouts Full call number Date last seen Price effective from Koha item type Public note
    Dewey Decimal Classification     Periodicals UM Digos College - LIC UM Digos College - LIC 01/10/2020   DPer 364.05 J82 2012 v. 102, n. 3 01/10/2020 01/10/2020 Periodicals Periodical article